000
00343 a2200169 4500
001
187633
020
_a
85-7311-473-8
040
_c
Magnum
100
_a
Furmari, Eva
240
1
0
_a
Caça-fumaça
_l
por
245
1
0
_a
Caça-fumaça
300
_a
20
362
0
_a
1992
440
1
_a
Paulinas
697
_a
LITERATURA INFANTIL
942
_c
BK
999
_c
187633
_d
187633